000 01128nam0a22003131 4500
001 RU\NLR\INFOCOMM_161\5000033951
005 20250613091005.0
035 _a(NLR Aleph) 009087236
090 _a13288095
_c13288095
100 _a20081216d1969 |||y0rusy50 ca
101 0 _adut
102 _aRU
105 _aa m|||000yy
181 0 _ai3
_baxxe
182 0 _an
200 1 _aAfschaffing van pacht
_eeen onderzoek naar de sociale gevolgen van de afschaffing van pacht in twee dorpen van Zuid-Gujerat, India
_eacademisch-proefschrift
_fdoor Christiaan Petrus Johannes Hermanus Baks
203 _aТекст
_bвизуальный
_cнепосредственный
210 _a[S. l.
_cs.n.
_d1969]
215 _a[8], IV, 231 с., 4 л. ил.
_cил.
_d29 см
320 _aБиблиогр.: с. 209-217
606 _aЗемельное право
_yИндия
_2nlr_sh1
686 _aП7-3400
_2rubbk
700 1 _aBaks
_bC. P. J. H.
_gChristiaan Petrus Johannes Hermanus
_4070
801 1 _aRU
_bNLR
_c20081216
801 0 _aRU
_bNLR
_gPSBO
852 _aNLR
_jДисс-15/1-171
942 _cBOOK
980 _aNB